LDR 00820naa#a2200205#i#450# 001 EN\\bibl\126716 005 20260630033747.2 011 ## _a2223-9987 100 ## _a20260629b2026####ek#y0engy0150####ca 102 ## _aRU 200 1# _aAutomatic Energy Consumption Control System for Heated Sidewalks Based on Resistive Cables _eJournal article 210 1# _aSaint-Petersburg _cFSBEI HE "Emperor Alexander I St. Petersburg State Transport University" _d2026 215 ## _a18 с. 608 ## _aJournal article _2local 675 ## _aЭлектроизмерительная техника. Радиоизмерительная техника. 621.317 _z 700 #1 _aSolov'ev _gBogdan Alekseevich 700 #1 _aGamisoniya _gGiorgi Kahaberovich 700 #1 _aAyupov _gArslan Dinarovich 700 #1 _aHazieva _gRegina Tagirovna 856 4# _aatjournal.ru _u